Estatísticas para Timor-Leste

Clique aqui para jogar o quiz

Estatísticas Gerais

  • Esse quiz foi jogado 19 vezes
  • A pontuação média é 6 de 9

Estatísticas das Respostas

HintResposta% Correto
Onde fica?Ásia
100%
De que país é independente?Portugal
94%
Qual é o seu idioma?Português
94%
Qual é a sua religião?Cristianismo
75%
Qual é a sua capital?Díli
69%
Qual é o desporto mais popular?Futebol
69%
Qual é a sua moeda?Dólar americano
31%
Qual é o animal sagrado do país?Crocodilo
25%
Qual é o seu ponto mais alto?Monte Ramelau
25%

Distribuição das Pontuações

Percentil de Números Respondidos

Porcentagem de Pessoas com Cada Pontuação

Sua Pontuação Histórica

Você não jogou esse quiz